Vplyv diverzifikácie poskytovaných služieb na efektívnosť zdravotníckeho zariadenia dizertačná práca
Salvato in:
| Autore principale: | |
|---|---|
| Ente Autore: | |
| Altri autori: | |
| Natura: | Libro |
| Lingua: | slovacco |
| Pubblicazione: |
Košice
2016
|
| Soggetti: | |
| Tags: |
Nessun Tag, puoi essere il primo ad aggiungerne!!
|
MARC
| LEADER | 00000nbm a2200000 4500 | ||
|---|---|---|---|
| 001 | 0223935 | ||
| 005 | 20230302104440.4 | ||
| 041 | 0 | |a slo | |
| 044 | |a SK | ||
| 245 | 1 | 0 | |a Vplyv diverzifikácie poskytovaných služieb na efektívnosť zdravotníckeho zariadenia |b dizertačná práca |c Mária Grüllingová ; školiteľ: Vanda Lieskovská |
| 264 | 1 | |a Košice |c 2016 | |
| 300 | |a 126 s. | ||
| 610 | 2 | 0 | |a služby zdravotnícke |
| 610 | 2 | 0 | |a služby |
| 610 | 2 | 0 | |a diverzifikácia |
| 610 | 2 | 0 | |a zariadenia zdravotnícke |
| 610 | 2 | 0 | |a efektívnosť ekonomická |
| 610 | 2 | 0 | |a zdravotníctvo |
| 610 | 2 | 0 | |a marketing manažment |
| 100 | 1 | |a Grüllingová, Mária | |
| 700 | 1 | |a Lieskovská, Vanda, 1961- | |
| 710 | 2 | |a Podnikovohospodárska fakulta EU so sídlom v Košiciach. Katedra marketingu a obchodu | |